| 000 | 00782nac a22002171u 4500 | ||
|---|---|---|---|
| 010 | _a 2003068967 | ||
| 020 | _a0131409190 (pbk.) | ||
| 082 | 0 | 0 |
_a620.0042 _bVOL |
| 090 |
_c9159 _d9159 |
||
| 100 | _aVoland, Gerard. | ||
| 245 | 1 | 0 |
_aEngineering by design / _cGerard Voland. |
| 250 | _a2nd ed. | ||
| 260 |
_aUpper Saddle River, N.J. : _bPearson/Prentice Hall,C.2004. _cC.2004. |
||
| 300 |
_axxx, 610 p. : _bill. ; _c24 cm. |
||
| 500 | _aDistributer: Sphinx. | ||
| 504 | _aIncludes bibliographical references (p. [581]-592) and index. | ||
| 511 | _aCatalogued By: Mahitab. | ||
| 650 | 0 | _aEngineering design. | |
| 942 |
_cBB _k620.0042VOL |
||
| 999 |
_c9159 _d9159 |
||